00541 2200205 4500001002100000005001500021035002000036007000300056008004100059020002200100082000800122084001400130100002300144245007400167250001000241260002800251300002700279650001900306990001000325INLIS00000000000049820171004100917 a0010-1017000052ta171004 f 0 ind  a978-979-433-824-7 a297 a297 SHI s0 aShihab, M. Quraish1 aSecercah Cahaya Ilahi :bHidup bersama Al Qur'an /cM. Quraish Shihab aCet.1 aBandung :bMizan,c2014 a540hlm ;c16 x 23,5 cm aTafsir AlQuran a14963